00482 2200193 4500001002100000005001500021008004100036020002200077035001900099041000700118082001200125090001800137100001500155700001500170245002500185260003200210300003000242650001600272INLIS00000000000078420241224112230241224||||||||| | ||| |||| || |  a978-979-063-530-2 0010-1224000784 aid0 a297.346 a297.346 NOV k0 aRina Novia0 aYoli Hemdi00aKisah-Kisah Al-Quran aJakartabZikrul Hakimc2009 aviii,248 hlm.;ilus.;28 cm 0aAgama Islam